Summary of responses to Part M consultation (Record no. 72372)
[ view plain ]
| 000 -LEADER | |
|---|---|
| fixed length control field | 01204cam a2200229 4500 |
| 001 - CONTROL NUMBER | |
| control field | WB3912-05 |
| 008 - FIXED-LENGTH DATA ELEMENTS--GENERAL INFORMATION | |
| fixed length control field | 030327n2003 000 0 eng u |
| 035 ## - SYSTEM CONTROL NUMBER | |
| System control number | (Sirsi) u121772 |
| 245 ## - TITLE STATEMENT | |
| Title | Summary of responses to Part M consultation |
| 260 ## - PUBLICATION, DISTRIBUTION, ETC. | |
| Date of publication, distribution, etc. | 2003 |
| 490 ## - SERIES STATEMENT | |
| Series statement | RICS Building Surveying Faculty News |
| Volume/sequential designation | 27 March 2003 (1) |
| 520 ## - SUMMARY, ETC. | |
| Summary, etc. | The ODPM has published a summary of responses to the consultation on proposals for amending Part M (Access to and use of buildings) of the Building Regulations 2000. The November 2002 consultation resulted in 192 responses which favoured the proposals' aim of access for all. http://www.rics.org/ricscms/bin/show?class=News&template=/includes/shownews.html&id=5303&faculty=Building Surveying&faculty=All Faculties |
| 590 ## - LOCAL NOTE (RLIN) | |
| Local note | WB |
| 650 ## - SUBJECT ADDED ENTRY--TOPICAL TERM | |
| Topical term or geographic name entry element | CONSULTATION |
| 650 ## - SUBJECT ADDED ENTRY--TOPICAL TERM | |
| Topical term or geographic name entry element | BUILDING REGULATIONS |
| 9 (RLIN) | 6224 |
| 650 ## - SUBJECT ADDED ENTRY--TOPICAL TERM | |
| Topical term or geographic name entry element | MANAGEMENT-BUSINESS MANAGEMENT-DISCRIMINATION-DISABILITY DISCRIMINATION-ACCESSIBILITY |
| 650 ## - SUBJECT ADDED ENTRY--TOPICAL TERM | |
| Topical term or geographic name entry element | BUILT ENVIRONMENT |
| 650 ## - SUBJECT ADDED ENTRY--TOPICAL TERM | |
| Topical term or geographic name entry element | MANAGEMENT-BUSINESS MANAGEMENT-DISCRIMINATION-DISABILITY DISCRIMINATION-ACCESSIBILITY |
| 650 ## - SUBJECT ADDED ENTRY--TOPICAL TERM | |
| Topical term or geographic name entry element | BUILDING REGULATIONS 2000 APPROVED DOCUMENT M (2002 EDITION) |
| 690 ## - LOCAL SUBJECT ADDED ENTRY--TOPICAL TERM (OCLC, RLIN) | |
| Topical term or geographic name as entry element | BUILT ENVIRONMENT |
| 942 ## - ADDED ENTRY ELEMENTS (KOHA) | |
| Suppress in OPAC | 0 |
| Withdrawn status | Lost status | Source of classification or shelving scheme | Damaged status | Not for loan | Home library | Current library | Shelving location | Date acquired | Total Checkouts | Full call number | Barcode | Date last seen | Copy number | Price effective from | Koha item type |
|---|---|---|---|---|---|---|---|---|---|---|---|---|---|---|---|
| Dewey Decimal Classification | London | London | News article | 27/03/2003 | WB3912-05 | 121772-1001 | 06/08/2019 | 1 | 06/08/2019 | News article |